UBT Library

Microeconomics : (Record no. 1073)

000 -LEADER
fixed length control field 00665nam a22002177a 4500
008 - FIXED-LENGTH DATA ELEMENTS--GENERAL INFORMATION
fixed length control field 150626b xxu||||| |||| 00| 0 eng d
020 ## - INTERNATIONAL STANDARD BOOK NUMBER
International Standard Book Number 9780538754330
020 ## - INTERNATIONAL STANDARD BOOK NUMBER
International Standard Book Number 0538754330
041 0# - LANGUAGE CODE
Language code of text/sound track or separate title eng
080 ## - UNIVERSAL DECIMAL CLASSIFICATION NUMBER
Universal Decimal Classification number 33
100 ## - Rafti
Rafti Gwartney, James D.; Stroup, Richard L.; et al.
245 ## - TITLE STATEMENT
Title Microeconomics :
Statement of responsibility, etc James D. Gwartney; Richard L. Stroup; et.al.
250 ## -
-- 13th Edition
260 ## -
-- Mason, Ohio :
-- South-Western Cengage Learning,
-- 2011.
300 ## -
-- 553 f.
-- me il.;
-- 28 cm.
500 ## -
-- Preface: f.v-x
505 ## -
-- Index: f.541-553
650 #0 -
-- Mikroekonomi
700 1# -
-- Gwartney, James D.
942 ## - ADDED ENTRY ELEMENTS (KOHA)
Source of classification or shelving scheme
Item type Books
Holdings
Withdrawn status Lost status Source of classification or shelving scheme Damaged status Not for loan Collection code Permanent location Current location Shelving location Date acquired Total Checkouts Full call number Date last seen Price effective from Koha item type Barcode
          Koleksioni i përgjithshem UBT - Lipjan UBT - Lipjan Koleksioni i përgjithshem 09/21/2015   33 GWA 09/21/2015   Books 002-007686
          Koleksioni i përgjithshem UBT - Lipjan UBT - Lipjan Koleksioni i përgjithshem 09/23/2015   33 GWA 10/17/2017 09/23/2015 Books 002-007685
          Koleksioni i përgjithshem UBT - Lipjan UBT - Lipjan Koleksioni i përgjithshem 10/17/2017   33 GWA 10/17/2017 10/17/2017 Books 002-2931875
          Koleksioni i përgjithshem UBT - Lipjan UBT - Lipjan Koleksioni i përgjithshem 10/17/2017   33 GWA 10/17/2017 10/17/2017 Books 002-2931870
          Koleksioni i përgjithshem UBT - Lipjan UBT - Lipjan Koleksioni i përgjithshem 10/17/2017   33 GWA 10/17/2017 10/17/2017 Books 002-2931865
          Koleksioni i përgjithshem UBT - Lipjan UBT - Lipjan Koleksioni i përgjithshem 10/17/2017   33 GWA 10/17/2017 10/17/2017 Books 002-2931860
          Koleksioni i përgjithshem UBT - Lipjan UBT - Lipjan Koleksioni i përgjithshem 10/17/2017   33 GWA 10/17/2017 10/17/2017 Books 002-2931855
          Koleksioni i përgjithshem UBT - Lipjan UBT - Lipjan Koleksioni i përgjithshem 10/17/2017   33 GWA 10/17/2017 10/17/2017 Books 002-2931850
          Koleksioni i përgjithshem UBT - Prishtine UBT - Prishtine Koleksioni i përgjithshem 06/26/2015   33 GWA 06/26/2015 06/26/2015 Books  
UBT Library © 2015-2024. All rights reserved University Education for Business and Technology